Statistiques concernant Miitopia, Les Monstres

Cliquez ici pour prendre le quiz!

Statistiques générales

  • Ce quiz a été pris 107 fois
  • Le résultat moyen est 33 sur 91

Statistiques - réponses

NuméroMonstre% Correct
003Gobelin
84%
002Papilleux
66%
009Banshee
58%
010Gelée de Pomme
58%
020Tidiable
58%
005Cumulus
53%
016Nuorage
50%
007Champi Trépignant
47%
001Mini baveux X
47%
013Papipoison
47%
015Rochaunez
47%
012Taupe
47%
022Gobelin Mage
45%
018Griffon
45%
025Tour de Cactus
45%
017Boïng Vert
42%
014Golem-X
42%
006Rocher-X
42%
011Tidiable-X
42%
004Papillon-X
39%
068Papillon-X
39%
008Souris-X
39%
090Dragon
37%
026Fresque de Femme
37%
027Fresque d'Homme
37%
035Minotaure
37%
043Momie
37%
019Plante Croqueuse
37%
045Rochauzieux
37%
024Scorpeureux
37%
061Tihibou
37%
052Tomatobouche
37%
083"X"
37%
041"X"
37%
046"X"
37%
032Fossile
34%
023Gorirose-X
34%
059Hibou-X
34%
076Nuage-X
34%
029Papijade
34%
050Pompon
34%
071Squelette
34%
028Taupe Cruelle
34%
021Vilain Tidiable
34%
088Armure-X
32%
055Banshee Cruelle
32%
057Bipompon
32%
078Bombe
32%
037Cactus Boule
32%
031Cobra Jaune
32%
070Crapobleu-X
32%
051Dinderrière
32%
080Facerbère
32%
034Fossile de Limule
32%
033Fossile de Saurien
32%
030Gobelin Rouge
32%
073Minotaure Bleu
32%
049Pharaon-X
32%
038Plante Dévoreuse
32%
036Scorpuissant
32%
081Tidiable Futé
32%
067Tomatriplés
32%
062Tripompon
32%
056Arachno-Démon
29%
066Arachno-X
29%
091Avatar du Mal X
29%
075Bafumant-X
29%
087Bouclier Fantôme
29%
048Bouclier-X
29%
039Cobra Bleu
29%
082Démon-X
29%
086Épée Fantôme
29%
047Épée-X
29%
042Gentil Golem
29%
044Glyphobronze
29%
074Golefeu-X
29%
072Griffon des Ténèbres
29%
077Papidor
29%
065Tétârd
29%
089Tornade Brûlante
29%
063Tornade Printanière
29%
069Baveux-X
26%
058Champi Charmeur
26%
085Cobra Argenté
26%
064Escargapatte
26%
053Gobelin des Bois
26%
054Hobgobelin Bleu
26%
060Plante Piège-Banane
26%
084Tour Métallopic
26%
040Cobra-X
24%
079Momie Enflamée
24%

Distribution des résultats

Percentile par nombre de réponses

% des personnes avec chaque résultat

Votre développement - résultats

Vous n’avez pas pris ce quiz